00388nam a2200121Ia 4500008004100000100001500041245005100056245001600107260000900123856004200132999001900174952007300193160531s9999 xx 000 0 und d aLein, Max. aDifferential Equations of Mathematical Physics cby Max Lein c2015 uhttp://arxiv.org/pdf/1508.03834v1.pdf c295216d295216 001040aCLbCLd2016-05-31l0r2016-05-31 00:00:00w2016-05-31yCBE